000 00950nam a22002297a 4500
003 OSt
005 20251020172617.0
008 240202b ||||| |||| 00| 0 eng d
040 _c0
082 _aDPer 621.317 Ie21 January 2022 v. 37 n. 1
100 _aLiu, Jiali.
_eauthor.
_951269
245 _aCurrent pulsation suppression method based on power current closed-loop control for a PMSM under fluctuating DC-link voltage /
_cJiali Liu and Yongchang Zhang.
260 _aNew York ;
_bThe Institute of Electrical and Electronics Engineers, Inc. ,
_cJanuary 2022.
300 _aVolume 37, pages 761-770 :
_billustration ;
_c28 cm.
500 _aIEEE Transactions on Power Electronics, v. 37 n 1, pages 761-770, January 2022.
650 0 _a Capacitors.
_965717
650 0 _aInverters.
_965756
650 0 _aResonant frequency.
_965802
700 _aLiu, Jiali.
_eauthor.
_951269
700 _aZhang, Yongchang.
_eauthor.
_951270
942 _2ddc
_cPER
999 _c18890
_d18890